Sports Quiz

Random Sports or NFL Quiz

NFL players with 2,000+ yards Quiz Stats

 Plays Quiz not verified by Sporcle

Challenge
Share
Tweet
Embed
Score 0/6 Timer 06:00
0 Plays Today
Team Player % Correct
Bills, 1973O.J. Simpson
97.7%
Lions, 1997Barry Sanders
97%
Titans, 2009Chris Johnson
95.5%
Broncos, 1998Terrell Davis
92.5%
Ravens, 2003Jamaal Lewis
91%
Rams, 1984Eric Dickerson
88.7%

You're not logged in!

Compare scores with friends on all Sporcle quizzes.
Join for Free
OR
Log In

You Might Also Like...

Show Comments

Extras

Created Jul 22, 2010ReportFavoriteNominate
Tags:NFL Quiz, 2000, player, team, yard

Top Quizzes Today


Score Distribution

Your Account Isn't Verified!

In order to create a playlist on Sporcle, you need to verify the email address you used during registration. Go to your Sporcle Settings to finish the process.

Report this User

Report this user for behavior that violates our Community Guidelines.

Details: